Statistics for My Singing Monsters quiz

Click here to take the quiz!

General Stats

  • This quiz has been taken 26 times
  • The average score is 17 of 18

Answer Stats

HintAnswer% Correct
ENTEntbrat
100%
FWOFwog
100%
MAMMammott
100%
TOEToe Jammer
100%
BOWBowgart
95%
FURFurcorn
95%
NOGNoggin
95%
POTPotbelly
95%
DRUDrumpler
91%
GHAGhazt
91%
OAKOaktopus
91%
PUMPummel
91%
SHUShugabush
91%
CLAClamble
86%
MAMaw
86%
SHRShrubb
86%
GJOGjoob
82%
TROTrox
77%

Score Distribution

Percentile by Number Answered

Percent of People with Each Score

Your Score History

You have not taken this quiz